| 000 | nam a22 a 4500 | ||
|---|---|---|---|
| 999 |
_c327153 _d327153 |
||
| 003 | BLK | ||
| 005 | 20201007040527.0 | ||
| 008 | 181205b bu ||||er|||| 00| 0 bu d | ||
| 020 | _a9786199085509 | ||
| 040 | _aBLK | ||
| 041 |
_aBUL _cBUL |
||
| 080 |
_aПаранормални явления. Проблеми на окултното. Парапсихологични явления _b133 _z133 |
||
| 080 |
_aРазпространяване на научните знания - популяризиране на науката, занимателна наука, учение за явленията научно необяснени, заблуждения и фалшификации, илюзии и др. п., секретност на научните знания _b001.9 _z001,9 |
||
| 100 |
_aСкот-Елиът, Уилям _eпърви автор _91299 |
||
| 139 |
_aСкот-Елиът, Уилям _bС 40 |
||
| 240 | _aThe story of Atlantis. български език | ||
| 245 |
_aИсторията на Атлантида _bясновидско изследване в миналото |
||
| 245 |
_a2750 година _bясновидско изследване в бъдещето |
||
| 260 |
_9210262 _aСофия _bВселена _c2017 _fАлианс Принт _g2017 |
||
| 300 |
_a263 с. _c20 см |
||
| 380 | _a2 | ||
| 500 | _aОриг. загл. установено от доп. източник: The story of Atlantis / William Scott-Elliot | ||
| 650 | 7 |
_9147823 _aАтлантида |
|
| 650 | 7 |
_9167581 _aПредсказания |
|
| 700 |
_9373442 _aЛедбитър, Чарлз Уебстър _eсъавт. |
||
| 700 |
_9966 _aШишков, Александър _eпрев. |
||
| 700 |
_9966 _aНиков, Софроний _eпрев. |
||
| 852 | _aЦб 292167 | ||
| 942 |
_cKNG _n0 |
||
| 944 |
_aCR _c2018-12-05 _kПетя Минчева _l2018-12-05 |
||
| 999 | _d327153 | ||